<?xml version="1.0" encoding="UTF-8"?>
<record
    xmlns:xsi="http://www.w3.org/2001/XMLSchema-instance"
    xsi:schemaLocation="http://www.loc.gov/MARC21/slim http://www.loc.gov/standards/marcxml/schema/MARC21slim.xsd"
    xmlns="http://www.loc.gov/MARC21/slim">

  <leader>02005nam a2200205 a 4500</leader>
  <controlfield tag="001">000045733</controlfield>
  <controlfield tag="005">20201002052419.0</controlfield>
  <controlfield tag="008">150508s2015    dr ad         000 0 spa d</controlfield>
  <datafield tag="020" ind1=" " ind2=" ">
    <subfield code="a">9789945423303</subfield>
  </datafield>
  <datafield tag="040" ind1=" " ind2=" ">
    <subfield code="a">DO-SdBNP</subfield>
    <subfield code="b">spa</subfield>
    <subfield code="c">BNPHU</subfield>
  </datafield>
  <datafield tag="082" ind1=" " ind2=" ">
    <subfield code="a">xxxx</subfield>
    <subfield code="b">xxxx</subfield>
  </datafield>
  <datafield tag="111" ind1="1" ind2=" ">
    <subfield code="a">Jornada Cient&#xED;fica Universidad-Empresa-Desarrollo</subfield>
    <subfield code="n">(1a.</subfield>
    <subfield code="d">2012 :</subfield>
    <subfield code="c">Santo Domingo, Rep&#xFA;blica Dominicana )</subfield>
    <subfield code="9">73789</subfield>
  </datafield>
  <datafield tag="245" ind1="1" ind2="0">
    <subfield code="a">Primera jornada cient&#xED;fica Universidad-Empresa-Desarrollo 2012 :</subfield>
    <subfield code="b">profesores y profesoras gestando conocimientos /</subfield>
    <subfield code="c">Editor: Aida Roca, Mat&#xED;as Bosch.</subfield>
  </datafield>
  <datafield tag="260" ind1=" " ind2=" ">
    <subfield code="a">Santo Domingo :</subfield>
    <subfield code="b">Universidad APEC,</subfield>
    <subfield code="c">2015.</subfield>
  </datafield>
  <datafield tag="300" ind1=" " ind2=" ">
    <subfield code="a">156 p. :</subfield>
    <subfield code="b">il. ;</subfield>
    <subfield code="c">22 cm.</subfield>
  </datafield>
  <datafield tag="504" ind1=" " ind2=" ">
    <subfield code="a">Bibliograf&#xED;a : p. 149-150</subfield>
  </datafield>
  <datafield tag="505" ind1="0" ind2=" ">
    <subfield code="a">La motivaci&#xF3;n de los estudiantes de t&#xE9;rmino de Ingenier&#xED;a Industrial en la asignatura T&#xF3;picos Especiales de Ingenier&#xED;a Industrial /</subfield>
    <subfield code="r">Ana C. Batista Guzm&#xE1;n --</subfield>
    <subfield code="t">Debilidades en los procesos cognitivos de s&#xED;ntesis, conceptualizaci&#xF3;n, an&#xE1;lisis, interpretaci&#xF3;n y resoluci&#xF3;n de problemas en estudiantes de la Maestr&#xED;a en Administraci&#xF3;n Financiera /</subfield>
    <subfield code="r">Carlos Francisco Contreras N&#xFA;&#xF1;ez --</subfield>
    <subfield code="t">Impuesto, equidad fiscal y presi&#xF3;n tributaria en Rep&#xFA;blica Dominicana, 2009-2011 /</subfield>
    <subfield code="r">Germania Grull&#xF3;n y Pedro Julio Garabol Maggiolo --</subfield>
    <subfield code="t">Experiencia pedag&#xF3;gica de una asignatura semipresencial de Ciencias Econ&#xF3;micas y Empresariales en la Universidad APEC (UNAPEC) /</subfield>
    <subfield code="r">Patria P&#xE9;&#xF1;a Rodr&#xED;guez --</subfield>
    <subfield code="t">Mejoramiento de la competencia toma de decisiones en directivos empresariales a trav&#xE9;s de la formaci&#xF3;n de posgrado: experiencias y propuestas en la Universidad APEC /</subfield>
    <subfield code="r">Raynelda V. del Carmen Pimentel Pi&#xF1;a y Jorge Garc&#xED;a Bat&#xE1;n --</subfield>
    <subfield code="t">Limitaciones en la asimilaci&#xF3;n de patrones r&#xED;tmicos de los estudiantes de la clase de Danza Folkl&#xF3;rica de UNAPEC /</subfield>
    <subfield code="r">Johanna Poche --</subfield>
    <subfield code="t">Estrategia para el desarrollo de la habilidad de procesar informaci&#xF3;n en la asignatura Gesti&#xF3;n de Negocios de UNAPEC /</subfield>
    <subfield code="r">Julia A. Suncar Morales --</subfield>
  </datafield>
  <datafield tag="700" ind1="1" ind2="2">
    <subfield code="a">Roca, Aida,</subfield>
    <subfield code="e">ed.</subfield>
    <subfield code="9">73790</subfield>
  </datafield>
  <datafield tag="700" ind1="1" ind2="2">
    <subfield code="a">Bosch, Mat&#xED;as,</subfield>
    <subfield code="e">ed.</subfield>
    <subfield code="9">72665</subfield>
  </datafield>
  <datafield tag="952" ind1=" " ind2=" ">
    <subfield code="0">0</subfield>
    <subfield code="1">0</subfield>
    <subfield code="5">4</subfield>
    <subfield code="7">0</subfield>
    <subfield code="8">DS</subfield>
    <subfield code="a">GR</subfield>
    <subfield code="b">GR</subfield>
    <subfield code="c">CT</subfield>
    <subfield code="d">2015-05-08</subfield>
    <subfield code="i">LF1</subfield>
    <subfield code="l">0</subfield>
    <subfield code="o">xxxx xxxx</subfield>
    <subfield code="p">45733-30</subfield>
    <subfield code="r">2020-06-25</subfield>
    <subfield code="t">e. 3</subfield>
    <subfield code="w">2020-06-25</subfield>
    <subfield code="y">LFDS</subfield>
    <subfield code="Z">Pr&#xE9;stamo en sala</subfield>
  </datafield>
  <datafield tag="952" ind1=" " ind2=" ">
    <subfield code="0">0</subfield>
    <subfield code="1">0</subfield>
    <subfield code="7">1</subfield>
    <subfield code="8">PD</subfield>
    <subfield code="a">PD</subfield>
    <subfield code="b">PD</subfield>
    <subfield code="c">CT</subfield>
    <subfield code="d">2015-05-08</subfield>
    <subfield code="i">LF1</subfield>
    <subfield code="l">0</subfield>
    <subfield code="o">xxxx xxxx</subfield>
    <subfield code="p">45733-10</subfield>
    <subfield code="r">2020-06-25</subfield>
    <subfield code="w">2020-06-25</subfield>
    <subfield code="y">LFPD</subfield>
    <subfield code="Z">No se presta</subfield>
  </datafield>
  <datafield tag="952" ind1=" " ind2=" ">
    <subfield code="0">0</subfield>
    <subfield code="1">0</subfield>
    <subfield code="7">1</subfield>
    <subfield code="8">PD</subfield>
    <subfield code="a">PD</subfield>
    <subfield code="b">PD</subfield>
    <subfield code="c">CT</subfield>
    <subfield code="d">2015-05-08</subfield>
    <subfield code="i">LF1</subfield>
    <subfield code="l">0</subfield>
    <subfield code="o">xxxx xxxx</subfield>
    <subfield code="p">45733-20</subfield>
    <subfield code="r">2020-06-25</subfield>
    <subfield code="t">e. 2</subfield>
    <subfield code="w">2020-06-25</subfield>
    <subfield code="y">LFPD</subfield>
    <subfield code="Z">No se presta</subfield>
  </datafield>
  <datafield tag="999" ind1=" " ind2=" ">
    <subfield code="c">45222</subfield>
    <subfield code="d">45222</subfield>
  </datafield>
</record>
